Minecraft "Minecraft" Advancements - No Hints - Statistics

General Stats
  • This quiz has been taken 14 times
  • The average score is 10 of 16
Answer Stats
Answer % Correct
Ice Bucket Challenge
83%
Diamonds!
75%
Stone Age
75%
The End?
75%
We Need to Go Deeper
75%
Acquire Hardware
67%
Minecraft
67%
Eye Spy
58%
Hot Stuff
58%
Suit Up
58%
Cover Me With Diamonds
50%
Enchanter
50%
Getting an Upgrade
50%
Isn't it Iron Pick
50%
Not Today, Thank You
50%
Zombie Doctor
42%
No matching quizzes found
Score Distribution
Percent of People with Each Score
Percentile by Number Answered
Your Score History
You have not taken this quiz